Statistics for Countries Leonardo DiCaprio has visited

Click here to take the quiz!

General Stats

  • This quiz has been taken 30 times
    (20 since last reset)
  • The average score is 20 of 31

Answer Stats

Continent Country % Correct
North AmericaCanada
100%
EuropeItaly
94%
OceaniaAustralia
94%
South AmericaBrazil
94%
EuropeUnited Kingdom
94%
EuropeFrance
89%
Asia/ EuropeRussia
83%
EuropeSpain
83%
AsiaChina
78%
North AmericaUnited States of America
78%
AsiaJapan
78%
South AmericaArgentina
78%
OceaniaNew Zealand
72%
AsiaIndia
72%
North Americathe Bahamas
72%
AfricaSouth Africa
72%
AsiaSouth Korea
67%
North AmericaCosta Rica
61%
EuropeGreece
61%
AsiaThailand
56%
AsiaIsrael
56%
AsiaIndonesia
56%
Europethe Netherlands
50%
North AmericaCuba
50%
North AmericaBelize
44%
Asiathe Philippines
39%
AfricaMorocco
22%
EuropeCroatia
22%
AsiaCambodia
22%
EuropeVatican City
22%
AfricaMozambique
11%

Score Distribution

Percentile by Number Answered

Percent of People with Each Score

Your Score History

You have not taken this quiz since the last reset